[Event "4NCL Division Four"]
[Site "Telford, ENG"]
[Date "2024.01.07"]
[Round "4.124"]
[White "Jayawarna, Tarini"]
[Black "Doherty, Paul"]
[Result "0-1"]
[WhiteElo "1526"]
[BlackElo "1793"]
[PlyCount "102"]
[EventDate "2024.01.07"]
[WhiteTeam "She Plays To Win Young Stars A"]
[BlackTeam "Apprentice Woodpushers"]

1. e4 d6 2. d4 Nf6 3. Nc3 c6 4. f4 Qa5 5. Bd2 e5 6. Nf3 Bg4 7. fxe5 dxe5 8.
dxe5 Nfd7 9. Nb5 Qd8 10. Nd6+ Bxd6 11. exd6 Ne5 12. h3 Bxf3 13. gxf3 Qh4+ 14.
Ke2 Qg3 15. f4 Qf3+ 16. Ke1 Qxh1 17. fxe5 Qxe4+ 18. Qe2 Qxe2+ 19. Bxe2 Nd7 20.
Bc3 O-O-O 21. Kd2 Rhe8 22. Bg4 h5 23. e6 hxg4 24. e7 Nc5 25. exd8=Q+ Rxd8 26.
hxg4 Rxd6+ 27. Ke3 Ne6 28. Rh1 f6 29. Rf1 Rd8 30. Rh1 Re8 31. Kf2 Nf4 32. Kf3
Nd5 33. Bd2 Kd7 34. Rh7 Re7 35. b3 Nc7 36. Rh1 Ne6 37. Rd1 Ke8 38. Be3 b6 39.
Rd3 Rd7 40. Rc3 c5 41. Rc4 Kf7 42. a4 Kg6 43. b4 cxb4 44. Rxb4 Rc7 45. c4 Nd8
46. Ke4 Nc6 47. Rb5 Ne5 48. Bf4 Rxc4+ 49. Ke3 Rxa4 50. Bxe5 fxe5 51. Rxe5 Rxg4
0-1

[Event "4NCL Division Four"]
[Site "Telford, ENG"]
[Date "2024.01.07"]
[Round "4.125"]
[White "Mitchell, Ian"]
[Black "Mehta, Sophie"]
[Result "1/2-1/2"]
[WhiteElo "1622"]
[BlackElo "1455"]
[PlyCount "38"]
[EventDate "2024.01.07"]
[WhiteTeam "Apprentice Woodpushers"]
[BlackTeam "She Plays To Win Young Stars A"]

1. d4 Nf6 2. Bf4 g6 3. e3 Bg7 4. c3 d6 5. Nf3 Nbd7 6. Nbd2 b6 7. Bc4 Bb7 8. O-O
O-O 9. h3 c5 10. Qb3 a6 11. Ng5 d5 12. Be2 c4 13. Qc2 Re8 14. Ngf3 Nh5 15. Bh2
Nhf6 16. Ne5 Nxe5 17. Bxe5 Nd7 18. Bxg7 Kxg7 19. f4 Kg8 1/2-1/2

[Event "4NCL Division Four"]
[Site "Telford, ENG"]
[Date "2024.01.07"]
[Round "4.126"]
[White "Keen, Maya"]
[Black "Coupe, Jon"]
[Result "1/2-1/2"]
[WhiteElo "1470"]
[BlackElo "1516"]
[PlyCount "55"]
[EventDate "2024.01.07"]
[WhiteTeam "She Plays To Win Young Stars A"]
[BlackTeam "Apprentice Woodpushers"]

1. d4 f5 2. Nc3 Nf6 3. g3 g6 4. Bg2 Bg7 5. Bg5 O-O 6. Bxf6 Bxf6 7. f4 d6 8. Nf3
c6 9. O-O Nd7 10. Kh1 e5 11. fxe5 dxe5 12. dxe5 Nxe5 13. Nxe5 Bxe5 14. Qd3 Qe7
15. Rad1 Be6 16. Qf3 Rad8 17. Rfe1 Rxd1 18. Rxd1 Rd8 19. Rd3 Bxc3 20. bxc3 Bxa2
21. Rxd8+ Qxd8 22. Qf4 Bd5 23. Bxd5+ Qxd5+ 24. Kg1 Kg7 25. Qc7+ Qf7 26. Qe5+
Qf6 27. Qc7+ Qf7 28. Qe5+ 1/2-1/2

[Event "4NCL Division Four"]
[Site "Telford, ENG"]
[Date "2024.01.07"]
[Round "4.127"]
[White "Rughani, Mahin"]
[Black "Kitchen, Peter J"]
[Result "1/2-1/2"]
[WhiteElo "1687"]
[BlackElo "1692"]
[PlyCount "49"]
[EventDate "2024.01.07"]
[WhiteTeam "Apprentice Woodpushers"]
[BlackTeam "Celtic Tigers 3"]

1. d4 d5 2. Bf4 c5 3. c3 Nc6 4. e3 Bf5 5. Bd3 Bxd3 6. Qxd3 Qb6 7. Qc2 e6 8. Nd2
Nf6 9. h3 cxd4 10. exd4 Rc8 11. Qb3 Be7 12. Ngf3 O-O 13. O-O Qa6 14. Ne5 Na5
15. Qc2 b5 16. Qd3 Nc4 17. Rfb1 Qb7 18. Qf3 Nxd2 19. Bxd2 Ne4 20. Be3 a5 21.
Qg4 Nf6 22. Qg3 Ne4 23. Qg4 Nf6 24. Qg3 Ne4 25. Qg4 1/2-1/2

[Event "4NCL Division Four"]
[Site "Telford, ENG"]
[Date "2024.01.07"]
[Round "4.128"]
[White "Flavell, Archie"]
[Black "Parker, Ethan"]
[Result "1/2-1/2"]
[WhiteElo "1582"]
[BlackElo "1608"]
[PlyCount "52"]
[EventDate "2024.01.07"]
[WhiteTeam "Celtic Tigers 3"]
[BlackTeam "Apprentice Woodpushers"]

1. e4 c5 2. Nc3 e6 3. Nf3 Nc6 4. d4 cxd4 5. Nxd4 Qc7 6. Ndb5 Qb8 7. Be2 a6 8.
Nd4 Bb4 9. O-O Bxc3 10. bxc3 Nf6 11. Bd3 d5 12. Nxc6 bxc6 13. Bg5 Qe5 14. f4
Qxc3 15. Kh1 O-O 16. Rf3 dxe4 17. Bxe4 Nxe4 18. Rxc3 Nf2+ 19. Kg1 Nxd1 20. Rxd1
Bb7 21. Rd7 Rab8 22. a4 f6 23. Bh4 Rfd8 24. Re7 Re8 25. Rd7 Ba8 26. Rg3 g6
1/2-1/2

[Event "4NCL Division Four"]
[Site "Telford, ENG"]
[Date "2024.01.07"]
[Round "4.129"]
[White "Eccleston, Rowan"]
[Black "Rigby, Charles"]
[Result "1/2-1/2"]
[WhiteElo "1394"]
[BlackElo "1516"]
[PlyCount "73"]
[EventDate "2024.01.07"]
[WhiteTeam "Apprentice Woodpushers"]
[BlackTeam "Celtic Tigers 3"]

1. f4 Nf6 2. Nf3 d6 3. e3 g6 4. b3 Bg7 5. Bb2 c5 6. Bc4 d5 7. Be2 Nc6 8. Bb5
O-O 9. Bxc6 bxc6 10. d4 Ba6 11. dxc5 Qa5+ 12. Qd2 Qxc5 13. Bd4 Qd6 14. Nc3 Rfe8
15. h4 h5 16. Rg1 Ng4 17. Bxg7 Kxg7 18. Qd4+ e5 19. fxe5 Nxe5 20. Nxe5 Qxe5 21.
Qxe5+ Rxe5 22. Kd2 Rae8 23. Rae1 c5 24. Na4 Rc8 25. g4 Rc6 26. gxh5 Rxh5 27.
Rg4 Bc8 28. Rf4 Bf5 29. Rg1 Rc8 30. Kc1 c4 31. Rg2 cxb3 32. axb3 Be4 33. Rd2
Rf5 34. Rxf5 Bxf5 35. Kb2 Kf6 36. Nc3 Ke6 37. Nxd5 1/2-1/2

[Event "4NCL Division Four"]
[Site "Warwick, ENG"]
[Date "2024.02.10"]
[Round "5.11"]
[White "Madan, Augustin"]
[Black "Gurner, Jem"]
[Result "1/2-1/2"]
[WhiteElo "2280"]
[BlackElo "2102"]
[PlyCount "84"]
[EventDate "2024.02.10"]
[WhiteTeam "Desert Penguins"]
[BlackTeam "ToBeDecided"]

1. d4 Nf6 2. c4 g6 3. g3 Bg7 4. Bg2 O-O 5. Nc3 d6 6. Nf3 Nc6 7. O-O e5 8. d5
Ne7 9. e4 a5 10. Ne1 Nd7 11. Nd3 b6 12. Be3 f5 13. f3 Nf6 14. Qe2 Bd7 15. b3
Nh5 16. Qd2 f4 17. Bf2 g5 18. g4 Nf6 19. a3 h5 20. h3 Qe8 21. b4 hxg4 22. hxg4
Bxg4 23. fxg4 Nxg4 24. Bf3 Nf6 25. bxa5 g4 26. Bd1 Rxa5 27. Be1 Qg6 28. Qg2
Raa8 29. Bh4 f3 30. Bxf3 gxf3 31. Rxf3 Qxg2+ 32. Kxg2 Ng6 33. Bg3 Nh5 34. Rxf8+
Rxf8 35. Rh1 Nxg3 36. Kxg3 Nf4 37. Nb4 Rf6 38. Na6 Rg6+ 39. Kf3 Rf6 40. Kg3
Rg6+ 41. Kf3 Rf6 42. Kg3 Rg6+ 1/2-1/2

[Event "4NCL Division Four"]
[Site "Warwick, ENG"]
[Date "2024.02.10"]
[Round "5.12"]
[White "Rathbone-Jones, Ifan"]
[Black "Bharat Kumar, Balahari"]
[Result "0-1"]
[WhiteElo "2101"]
[BlackElo "2060"]
[PlyCount "168"]
[EventDate "2024.02.10"]
[WhiteTeam "ToBeDecided"]
[BlackTeam "Desert Penguins"]

1. Nf3 d5 2. d4 Nf6 3. Bf4 c5 4. e3 Nc6 5. c3 Qb6 6. Qc2 Nh5 7. Bg3 Nxg3 8.
hxg3 g6 9. a4 Bg7 10. a5 Nxa5 11. dxc5 Qb3 12. Bd3 Qxc2 13. Bxc2 Nc6 14. Na3
Bg4 15. Nb5 Kd7 16. Nh2 Be6 17. Rd1 a6 18. Na3 Kc7 19. Nf3 h6 20. Bb3 Rhd8 21.
Nc2 b6 22. cxb6+ Kxb6 23. Ba4 Na5 24. O-O Nc4 25. Ncd4 Bd7 26. Bxd7 Rxd7 27. b3
Nd6 28. c4 dxc4 29. bxc4 Nb7 30. c5+ Nxc5 31. Rb1+ Kc7 32. Rfc1 Rd5 33. Nb3 Kd6
34. Nxc5 Rxc5 35. Rb6+ Kc7 36. Rcb1 Ra7 37. R6b4 a5 38. Ra4 Rb7 39. Rd1 Bc3 40.
Rc1 Kc6 41. Ra3 Bb4 42. Nd4+ Kd5 43. Raa1 Rxc1+ 44. Rxc1 e5 45. Nc2 Bc3 46. Kf1
Bb2 47. Rb1 Kc6 48. Ke2 e4 49. Rh1 h5 50. f3 f5 51. fxe4 fxe4 52. g4 hxg4 53.
Rh6 Rg7 54. Rh8 Rd7 55. Rg8 Bg7 56. Re8 Bc3 57. Rc8+ Rc7 58. Rg8 Kb5 59. Re8
Bg7 60. Kd2 Rf7 61. Ke2 g3 62. Rxe4 Rf2+ 63. Kd3 Rxg2 64. Na3+ Kc5 65. Rc4+ Kd5
66. Rg4 Rg1 67. Rxg6 g2 68. Ke2 Bh6 69. Kf2 Ra1 70. Kxg2 Bxe3 71. Kf3 Rxa3 72.
Ke2 Bd4 73. Kd2 Kc4 74. Kc2 Ra2+ 75. Kb1 Rb2+ 76. Kc1 Rb6 77. Rg2 a4 78. Ra2 a3
79. Rc2+ Bc3 80. Ra2 Kb3 81. Kb1 Ka4+ 82. Kc1 Rb2 83. Rxb2 axb2+ 84. Kb1 Ka3
0-1

[Event "4NCL Division Four"]
[Site "Warwick, ENG"]
[Date "2024.02.10"]
[Round "5.13"]
[White "Bansal, Rohan"]
[Black "Larkin, Benjamin"]
[Result "1-0"]
[WhiteElo "1977"]
[BlackElo "2127"]
[PlyCount "89"]
[EventDate "2024.02.10"]
[WhiteTeam "Desert Penguins"]
[BlackTeam "ToBeDecided"]

1. d4 Nf6 2. c4 g6 3. g3 Bg7 4. Bg2 d5 5. cxd5 Nxd5 6. e4 Nb6 7. Ne2 O-O 8. O-O
c5 9. d5 e6 10. Nec3 exd5 11. exd5 Bf5 12. g4 Bxb1 13. Rxb1 Qd7 14. Bf4 Na6 15.
d6 Rad8 16. Re1 Nc8 17. Ne4 Kh8 18. g5 b6 19. Qd3 Nb4 20. Qb3 Qf5 21. Bg3 Nc6
22. Qa4 Nd4 23. Qa6 Rd7 24. Kh1 Rfd8 25. Qf1 Ne6 26. Red1 Nf4 27. Bxf4 Qxf4 28.
Rd5 Be5 29. Qg1 Nxd6 30. Nc3 Nf5 31. Rbd1 Rxd5 32. Nxd5 Qxg5 33. Qe1 Nh4 34.
Be4 f5 35. f4 Bxf4 36. Qc3+ Kg8 37. Qc4 fxe4 38. Nxf4+ Kh8 39. Qc3+ Rd4 40.
Rxd4 Kg8 41. Rxe4 Qd8 42. Qd3 Qf8 43. Qd5+ Kh8 44. Qe5+ Kg8 45. Qe8 1-0

[Event "4NCL Division Four"]
[Site "Warwick, ENG"]
[Date "2024.02.10"]
[Round "5.14"]
[White "Honey, Luke Anthony"]
[Black "Bansal, Saahil"]
[Result "0-1"]
[WhiteElo "1999"]
[BlackElo "1883"]
[PlyCount "48"]
[EventDate "2024.02.10"]
[WhiteTeam "ToBeDecided"]
[BlackTeam "Desert Penguins"]

1. e4 e6 2. d4 d5 3. Nc3 dxe4 4. Nxe4 Nd7 5. Nf3 Ngf6 6. Nxf6+ Nxf6 7. Bd3 c5
8. Be3 Qc7 9. Qe2 Nd5 10. Bb5+ Bd7 11. Ne5 Qa5+ 12. Bd2 Qxb5 13. c4 Qxb2 14.
O-O Nf6 15. d5 Bc8 16. Rab1 Qd4 17. Rfe1 Bd6 18. Nf3 Qg4 19. h3 Qh5 20. dxe6
Bxe6 21. Rxb7 O-O 22. Bc3 Rfe8 23. Qb2 Bxh3 24. Bxf6 Qg4 0-1

[Event "4NCL Division Four"]
[Site "Warwick, ENG"]
[Date "2024.02.10"]
[Round "5.15"]
[White "Sedykh, Stakhey"]
[Black "MacDonald, Duncan"]
[Result "1-0"]
[WhiteElo "1601"]
[BlackElo "1762"]
[PlyCount "105"]
[EventDate "2024.02.10"]
[WhiteTeam "Desert Penguins"]
[BlackTeam "ToBeDecided"]

1. e4 c6 2. Nc3 d5 3. Nf3 Bg4 4. h3 Bxf3 5. Qxf3 e6 6. g3 Nd7 7. Bg2 Ngf6 8.
O-O Bc5 9. Re1 Qc7 10. exd5 cxd5 11. Nxd5 Nxd5 12. Qxd5 O-O-O 13. Qf3 Ne5 14.
Rxe5 Rd7 15. Re1 Rd5 16. Qc3 Rf5 17. d4 Bb6 18. Qxc7+ Bxc7 19. Be4 Rb5 20. c4
Rb4 21. b3 Rd8 22. Bd2 Rb6 23. c5 Ra6 24. Bd3 Rxd4 25. Bxa6 Rxd2 26. Bc4 a6 27.
Red1 Rb2 28. Kf1 Be5 29. a3 Kc7 30. b4 h6 31. Ra2 Rxa2 32. Bxa2 a5 33. Ke2 Kc6
34. Bb3 axb4 35. axb4 Kb5 36. Rb1 Bc3 37. Bc2 Bxb4 38. Be4 Kxc5 39. Bxb7 Bc3
40. Bc8 Kd6 41. Rb7 f5 42. Rb3 Bf6 43. Re3 e5 44. Bxf5 Kc5 45. Kf3 Kd6 46. Kg4
Ke7 47. Kh5 Kd6 48. Kg6 Kc5 49. Ra3 Kd4 50. Ra6 e4 51. Ra4+ Kd3 52. Rxe4 Kd2
53. Re6 1-0

[Event "4NCL Division Four"]
[Site "Warwick, ENG"]
[Date "2024.02.10"]
[Round "5.16"]
[White "Vanjare, Aditya"]
[Black "Cleanis, Theo"]
[Result "0-1"]
[WhiteElo "1568"]
[BlackElo "1172"]
[PlyCount "58"]
[EventDate "2024.02.10"]
[WhiteTeam "ToBeDecided"]
[BlackTeam "Desert Penguins"]

1. d4 d5 2. Bf4 e6 3. Nf3 Nf6 4. e3 Be7 5. Bd3 O-O 6. O-O Nbd7 7. Nbd2 a6 8. c4
c5 9. Qc2 b6 10. Ne5 Bb7 11. Ndf3 h6 12. h3 Rc8 13. b3 dxc4 14. bxc4 cxd4 15.
exd4 Nxe5 16. dxe5 Nd5 17. Rfd1 Qe8 18. Be4 Nb4 19. Qe2 Bxe4 20. Qxe4 Qc6 21.
Qxc6 Rxc6 22. Rd7 Rxc4 23. Rxe7 Rxf4 24. Rb7 Nd5 25. a4 a5 26. Nd2 Rc8 27. Ra2
Rc1+ 28. Nf1 Re4 29. Rb8+ Kh7 0-1

[Event "4NCL Division Four"]
[Site "Warwick, ENG"]
[Date "2024.02.10"]
[Round "5.21"]
[White "Sachdeva, Ronit"]
[Black "Norris, Ethan"]
[Result "0-1"]
[WhiteElo "2028"]
[BlackElo "2024"]
[PlyCount "64"]
[EventDate "2024.02.10"]
[WhiteTeam "Guildford Young Guns"]
[BlackTeam "Average Woodpushers"]

1. Nf3 Nf6 2. e3 d5 3. b3 Bg4 4. h3 Bh5 5. Bb2 e6 6. Be2 Nbd7 7. O-O Bd6 8. d4
O-O 9. c4 c6 10. Nc3 Qe7 11. Nd2 Bg6 12. Bf3 Rad8 13. Qe2 e5 14. cxd5 e4 15.
Bg4 cxd5 16. Bxd7 Qxd7 17. Rfc1 Bf5 18. Qf1 Rfe8 19. Ne2 h5 20. a4 h4 21. a5 g5
22. g4 Nxg4 23. hxg4 Bxg4 24. Qg2 Kh8 25. Ng3 Bh3 26. Qh2 Qg4 27. Ndf1 Kg7 28.
Rc5 Kg6 29. Rc2 Rh8 30. a6 Bxf1 31. Kxf1 hxg3 32. Qg1 Qf3 0-1

[Event "4NCL Division Four"]
[Site "Warwick, ENG"]
[Date "2024.02.10"]
[Round "5.22"]
[White "Ackley, Peter J E"]
[Black "Kothari, Jai"]
[Result "1/2-1/2"]
[WhiteElo "2101"]
[BlackElo "2034"]
[PlyCount "76"]
[EventDate "2024.02.10"]
[WhiteTeam "Average Woodpushers"]
[BlackTeam "Guildford Young Guns"]

1. c4 c5 2. g3 g6 3. Bg2 Bg7 4. Nc3 Nc6 5. Nf3 d6 6. O-O e5 7. a3 a5 8. d3 Nge7
9. Ne1 Be6 10. Nc2 d5 11. cxd5 Nxd5 12. Ne3 Nde7 13. Ne4 b6 14. Qa4 Rc8 15. Nc4
O-O 16. Ned6 Rc7 17. Nb5 Rd7 18. Bg5 f6 19. Be3 Bd5 20. Bxd5+ Nxd5 21. Nc3 Nce7
22. Nxd5 Nxd5 23. Bd2 Rff7 24. e4 Ne7 25. Nxb6 Rd4 26. Qxa5 Rxd3 27. Be3 f5 28.
Nc4 Qd7 29. exf5 Nxf5 30. Qa8+ Rf8 31. Qe4 Nd4 32. Bxd4 Rxd4 33. Qe2 Qb5 34.
Rac1 Rf5 35. Rc2 Rg5 36. Ne3 Qd7 37. Rxc5 Qh3 38. Qf3 h5 1/2-1/2

[Event "4NCL Division Four"]
[Site "Warwick, ENG"]
[Date "2024.02.10"]
[Round "5.23"]
[White "Sefton, Adam"]
[Black "Wong, Chun Hei"]
[Result "1-0"]
[WhiteElo "1854"]
[BlackElo "2084"]
[PlyCount "107"]
[EventDate "2024.02.10"]
[WhiteTeam "Guildford Young Guns"]
[BlackTeam "Average Woodpushers"]

1. e4 c5 2. Nc3 Nc6 3. Bb5 Nd4 4. Nf3 a6 5. Bc4 e6 6. Nxd4 cxd4 7. Ne2 b5 8.
Bb3 Bb7 9. d3 Qb6 10. O-O Nf6 11. Bg5 Rc8 12. f4 Nxe4 13. dxe4 d3+ 14. Kh1 dxe2
15. Qxe2 Bc5 16. f5 O-O 17. Qg4 exf5 18. exf5 d5 19. Rad1 f6 20. Bh6 Qc7 21.
Bxd5+ Bxd5 22. Rxd5 Qf7 23. Rfd1 Rfe8 24. h3 Kh8 25. Bf4 Re1+ 26. Rxe1 Qxd5 27.
a3 Qc4 28. Qe2 Qxe2 29. Rxe2 g6 30. fxg6 hxg6 31. Re6 a5 32. Ra6 a4 33. Ra5 g5
34. Bd2 Rb8 35. c4 Bd4 36. Bc3 Bxc3 37. bxc3 bxc4 38. Rxa4 Rb3 39. Rxc4 Rxa3
40. Rc7 Kg8 41. Kh2 Kf8 42. Kg3 Ra2 43. Kf3 Ke8 44. g3 Rh2 45. Kg4 Kd8 46. Rf7
Rf2 47. h4 Ke8 48. Ra7 gxh4 49. gxh4 Rc2 50. h5 Rxc3 51. h6 f5+ 52. Kg5 Kf8 53.
h7 Rg3+ 54. Kf6 1-0

[Event "4NCL Division Four"]
[Site "Warwick, ENG"]
[Date "2024.02.10"]
[Round "5.24"]
[White "Burke, Mitchell R"]
[Black "Twisk, Sebastian"]
[Result "1/2-1/2"]
[WhiteElo "2064"]
[BlackElo "1902"]
[PlyCount "37"]
[EventDate "2024.02.10"]
[WhiteTeam "Average Woodpushers"]
[BlackTeam "Guildford Young Guns"]

1. d4 d5 2. Nc3 Nf6 3. Bf4 c5 4. e3 a6 5. Nf3 Nc6 6. dxc5 e6 7. a3 Bxc5 8. Bd3
Qe7 9. Ne5 Nxe5 10. Bxe5 Bd6 11. Bxd6 Qxd6 12. O-O O-O 13. e4 Bd7 14. Re1 Qf4
15. g3 Qh6 16. e5 Ne8 17. Qc1 Qxc1 18. Raxc1 Nc7 19. Ne2 1/2-1/2

[Event "4NCL Division Four"]
[Site "Warwick, ENG"]
[Date "2024.02.10"]
[Round "5.25"]
[White "Butcher, Nathaniel"]
[Black "Pelling, Kyle"]
[Result "0-1"]
[WhiteElo "1498"]
[BlackElo "2038"]
[PlyCount "82"]
[EventDate "2024.02.10"]
[WhiteTeam "Guildford Young Guns"]
[BlackTeam "Average Woodpushers"]

1. c4 g6 2. Nc3 Bg7 3. g3 c5 4. Bg2 Nc6 5. Nf3 e6 6. e4 Nge7 7. O-O O-O 8. d3
Nd4 9. Bd2 Nec6 10. a3 a6 11. Rb1 Qe7 12. Re1 Rb8 13. a4 d6 14. b3 Nb4 15. Nxd4
Bxd4 16. Qf3 f5 17. Ne2 fxe4 18. Qxe4 Bxf2+ 19. Kh1 Bxe1 20. Rxe1 Bd7 21. Nf4
e5 22. Re2 Bc6 23. Nxg6 Rf1+ 24. Bxf1 Bxe4+ 25. Rxe4 hxg6 26. Rg4 Qf6 27. Be2
Kg7 28. d4 exd4 29. Bxb4 cxb4 30. Kg2 Rf8 31. Rf4 Qe5 32. Rf2 Rxf2+ 33. Kxf2
Qe3+ 34. Kf1 d3 35. Bd1 d2 36. g4 Qe1+ 37. Kg2 Qxd1 38. h4 Qe2+ 39. Kh3 d1=Q
40. h5 Qh1+ 41. Kg3 Qef3# 0-1

[Event "4NCL Division Four"]
[Site "Warwick, ENG"]
[Date "2024.02.10"]
[Round "5.26"]
[White "Latham, David"]
[Black "Jennis, Alistair"]
[Result "1/2-1/2"]
[WhiteElo "2029"]
[BlackElo "1486"]
[PlyCount "83"]
[EventDate "2024.02.10"]
[WhiteTeam "Average Woodpushers"]
[BlackTeam "Guildford Young Guns"]

1. d4 d5 2. Nf3 Nf6 3. c4 e6 4. Nc3 Be7 5. Bg5 h6 6. Bxf6 Bxf6 7. e3 O-O 8. Bd3
dxc4 9. Bxc4 Nd7 10. O-O c5 11. Ne4 cxd4 12. Nxf6+ Nxf6 13. Nxd4 Qb6 14. Qb3
Bd7 15. Qxb6 axb6 16. Rac1 Rfc8 17. a3 Ne4 18. Rfd1 Nf6 19. Be2 Ba4 20. b3 Bc6
21. a4 Bd5 22. Bf3 Bxf3 23. gxf3 Rc5 24. Nb5 Rac8 25. Rxc5 bxc5 26. e4 Kf8 27.
Nd6 Rc7 28. Nc4 Rd7 29. Rc1 Rd3 30. Ne5 Rxb3 31. Rxc5 Ke7 32. Ra5 Nd7 33. Kg2
Nxe5 34. Rxe5 b6 35. a5 bxa5 36. Rxa5 Kf6 37. Ra7 g5 38. Kg3 h5 39. Ra5 Kg6 40.
h3 Rb1 41. Kg2 Rb6 42. Rc5 1/2-1/2

[Event "4NCL Division Four"]
[Site "Warwick, ENG"]
[Date "2024.02.10"]
[Round "5.31"]
[White "Kelmendi, Bajrush"]
[Black "Tenin, Aleksander"]
[Result "1-0"]
[WhiteElo "1953"]
[BlackElo "2050"]
[PlyCount "76"]
[EventDate "2024.02.10"]
[WhiteTeam "Celtic Tigers 3"]
[BlackTeam "War and Piece A"]

1. e4 e5 2. c4 Bc5 3. Nc3 Qf6 4. Nf3 Ne7 5. d3 d6 6. h3 Nbc6 7. Be3 Bb6 8. Be2
Nd8 9. Qd2 Ne6 10. O-O-O c5 11. Rdf1 Ba5 12. Bd1 Nd4 13. Bg5 Qe6 14. Nh4 h6 15.
Bg4 f5 16. exf5 Qf7 17. Bxe7 Bxc3 18. bxc3 Nxf5 19. Nxf5 Bxf5 20. Bh4 g5 21.
Bg3 Bxg4 22. hxg4 Kd7 23. Qe2 b5 24. Qe4 bxc4 25. dxc4 Rab8 26. Kc2 Rb6 27. Rb1
Qh7 28. Kd3 Ke6 29. Rxb6 axb6 30. Rb1 Qxe4+ 31. Kxe4 Ra8 32. Rxb6 Rxa2 33. Rb7
Kf6 34. Rh7 Kg6 35. Rd7 Rd2 36. Ke3 Rd1 37. Ke2 Rc1 38. Rxd6+ Kh7 1-0

[Event "4NCL Division Four"]
[Site "Warwick, ENG"]
[Date "2024.02.10"]
[Round "5.32"]
[White "Tucker, David S"]
[Black "Brixel, Christof"]
[Result "0-1"]
[WhiteElo "1969"]
[BlackElo "1847"]
[PlyCount "62"]
[EventDate "2024.02.10"]
[WhiteTeam "War and Piece A"]
[BlackTeam "Celtic Tigers 3"]

1. e4 c5 2. Nf3 Nc6 3. d4 cxd4 4. Nxd4 e5 5. Nb5 d6 6. c4 Be6 7. Be3 Nf6 8. f3
a6 9. N5c3 g6 10. Nd5 Bxd5 11. cxd5 Nd4 12. Bxd4 exd4 13. Qxd4 Bg7 14. Nc3 O-O
15. Qd2 Nd7 16. Bd3 Ne5 17. O-O Qb6+ 18. Kh1 Nxd3 19. Qxd3 Qxb2 20. Rac1 Rac8
21. Ne2 Qxa2 22. g3 Qa4 23. Kg2 Bb2 24. Rb1 Rc2 25. Kh3 Rfc8 26. Rfe1 Qd7+ 27.
g4 h5 28. Nd4 hxg4+ 29. Kg3 Bxd4 30. Qxd4 gxf3 31. Re3 Rg2+ 0-1

[Event "4NCL Division Four"]
[Site "Warwick, ENG"]
[Date "2024.02.10"]
[Round "5.33"]
[White "Tivillier, Jacques"]
[Black "Bradley, William"]
[Result "1/2-1/2"]
[WhiteElo "1856"]
[BlackElo "1886"]
[PlyCount "72"]
[EventDate "2024.02.10"]
[WhiteTeam "Celtic Tigers 3"]
[BlackTeam "War and Piece A"]

1. e4 g6 2. d4 d6 3. Nc3 Bg7 4. f4 Nf6 5. Nf3 a6 6. a4 Nc6 7. Be2 O-O 8. O-O e5
9. d5 Nb8 10. fxe5 dxe5 11. Bg5 Qd6 12. Kh1 h6 13. Be3 Nbd7 14. Nd2 Ne8 15. Nc4
Qe7 16. Qd2 Kh7 17. Bd3 Nd6 18. b3 Nb8 19. Rae1 f5 20. exf5 gxf5 21. Bd4 Nxc4
22. Bxc4 Qd6 23. Bg1 Kh8 24. Na2 f4 25. Nc3 Bf5 26. Ne4 Bxe4 27. Rxe4 Nd7 28.
Ree1 Rab8 29. b4 Nb6 30. Bb3 Nd7 31. c4 b6 32. Bc2 Rbe8 33. Be4 Nf6 34. a5 Nxe4
35. Rxe4 Qg6 36. Qe2 Rd8 1/2-1/2

[Event "4NCL Division Four"]
[Site "Warwick, ENG"]
[Date "2024.02.10"]
[Round "5.34"]
[White "Echavarria Hidalgo, Fernando"]
[Black "Sturt, Charles A"]
[Result "1/2-1/2"]
[WhiteElo "1775"]
[BlackElo "1617"]
[PlyCount "105"]
[EventDate "2024.02.10"]
[WhiteTeam "War and Piece A"]
[BlackTeam "Celtic Tigers 3"]

1. e4 e6 2. d4 d5 3. e5 c5 4. c3 Nc6 5. Nf3 Qb6 6. Be2 Bd7 7. O-O Rc8 8. a3 c4
9. Kh1 Nge7 10. Nh4 g5 11. Nf3 h6 12. Qc2 Ng6 13. g3 Na5 14. Be3 Nb3 15. Ra2
Ba4 16. Nbd2 Qc6 17. Qb1 Be7 18. Nxb3 Bxb3 19. Ra1 Qa4 20. Bd1 Bxd1 21. Qxd1
Qxd1 22. Raxd1 g4 23. Ng1 h5 24. f4 h4 25. Kg2 h3+ 26. Kh1 Rh5 27. Ne2 Kd7 28.
Nc1 b5 29. Na2 a5 30. Rb1 a4 31. Nb4 Bxb4 32. axb4 Ne7 33. Bd2 Nf5 34. Kg1 Rc6
35. Kf2 Rh8 36. Ra1 Ke7 37. Rfe1 Ra8 38. Reb1 Rca6 39. Kg1 Kf8 40. Ra3 Kg7 41.
Kf2 Kg6 42. Kg1 Ne7 43. Re1 Kf5 44. Kf2 Rh8 45. Raa1 Rg8 46. Ra3 Ng6 47. Kg1
Ne7 48. Kf2 Rh8 49. Kg1 Kg6 50. Raa1 Rh5 51. Ra3 Rf5 52. Raa1 Ng8 53. Ra3
1/2-1/2

[Event "4NCL Division Four"]
[Site "Warwick, ENG"]
[Date "2024.02.10"]
[Round "5.35"]
[White "Perchard, Matthew"]
[Black "O'Byrne, Daniel"]
[Result "1/2-1/2"]
[WhiteElo "1569"]
[BlackElo "1730"]
[PlyCount "86"]
[EventDate "2024.02.10"]
[WhiteTeam "Celtic Tigers 3"]
[BlackTeam "War and Piece A"]

1. e4 e6 2. d4 d5 3. Nd2 Nf6 4. e5 Nfd7 5. Bd3 c5 6. c3 Nc6 7. Ne2 Qb6 8. Nf3
cxd4 9. cxd4 Bb4+ 10. Bd2 Bxd2+ 11. Qxd2 Nf8 12. O-O Bd7 13. Rac1 Ng6 14. Rfe1
O-O 15. Bb1 Rac8 16. Rc3 Na5 17. Rxc8 Rxc8 18. b3 Bb5 19. Nc3 Bd7 20. Rc1 Qb4
21. Ne2 Qxd2 22. Rxc8+ Bxc8 23. Nxd2 Ne7 24. Bd3 a6 25. f4 Nac6 26. Kf2 Bd7 27.
a3 g6 28. Ke3 Nf5+ 29. Bxf5 gxf5 30. Ng3 Nb8 31. Nh5 Bc6 32. Nf6+ Kg7 33. g3
Kg6 34. h4 h5 35. Nf3 a5 36. Ne1 Nd7 37. Nxd7 Bxd7 38. Nc2 f6 39. b4 Ba4 40.
Ne1 axb4 41. axb4 Bb5 42. Nf3 fxe5 43. dxe5 Kf7 1/2-1/2

[Event "4NCL Division Four"]
[Site "Warwick, ENG"]
[Date "2024.02.10"]
[Round "5.36"]
[White "Thomas, Jacob"]
[Black "Rigby, Charles"]
[Result "1-0"]
[WhiteElo "1497"]
[BlackElo "1529"]
[PlyCount "89"]
[EventDate "2024.02.10"]
[WhiteTeam "War and Piece A"]
[BlackTeam "Celtic Tigers 3"]

1. e4 c6 2. d4 d5 3. e5 Bf5 4. h4 h5 5. Bd3 Bxd3 6. Qxd3 e6 7. Nf3 Ne7 8. Be3
Nd7 9. Nbd2 Qc7 10. O-O Nf5 11. c3 Be7 12. g3 c5 13. a3 c4 14. Qe2 b5 15. Rfc1
Nb6 16. Ng5 a5 17. b4 axb4 18. axb4 O-O 19. Qxh5 Bxg5 20. hxg5 g6 21. Qh3 Rxa1
22. Rxa1 Na4 23. Kg2 Rd8 24. Rh1 Kf8 25. Qh8+ Ke7 26. Qf6+ Kd7 27. Qxf7+ Ne7
28. Rh7 Re8 29. Nb1 Kd8 30. Qxe6 Qd7 31. Qf6 Qf5 32. Qd6+ Kc8 33. Nd2 Nxc3 34.
Rxe7 Rxe7 35. Qxe7 Ne4 36. Nxe4 Qxe4+ 37. Kh2 Qf5 38. Qc5+ Kd8 39. Qxd5+ Qd7
40. Qxd7+ Kxd7 41. Kg2 Ke6 42. Kf3 Kd5 43. Kf4 c3 44. e6 Kxe6 45. Ke4 1-0

[Event "4NCL Division Four"]
[Site "Warwick, ENG"]
[Date "2024.02.10"]
[Round "5.41"]
[White "Bentley, Alex"]
[Black "Cooper, John G"]
[Result "0-1"]
[WhiteElo "1775"]
[BlackElo "2292"]
[PlyCount "58"]
[EventDate "2024.02.10"]
[WhiteTeam "Ashfield 3"]
[BlackTeam "North West Eagles"]

1. e4 c5 2. Nc3 e6 3. f4 Nc6 4. Nf3 d5 5. Bb5 Nge7 6. O-O b6 7. Bxc6+ Nxc6 8.
e5 d4 9. Ne4 d3 10. c4 b5 11. b3 Nd4 12. Bb2 Ne2+ 13. Kh1 Bb7 14. Ng3 Nxf4 15.
Qe1 Be7 16. Qf2 O-O 17. Rae1 f5 18. exf6 Bxf6 19. Be5 Bxe5 20. Rxe5 Bxf3 21.
gxf3 bxc4 22. bxc4 Rb8 23. Qxc5 Rb2 24. Ne4 Rxa2 25. Rg5 Ng6 26. Qe3 Rc2 27.
Nc3 Nf4 28. c5 Qxg5 29. Rg1 Rc1 0-1

[Event "4NCL Division Four"]
[Site "Warwick, ENG"]
[Date "2024.02.10"]
[Round "5.42"]
[White "Redmond, John P"]
[Black "Hill, Maurice J"]
[Result "1-0"]
[WhiteElo "2271"]
[BlackElo "1760"]
[PlyCount "55"]
[EventDate "2024.02.10"]
[WhiteTeam "North West Eagles"]
[BlackTeam "Ashfield 3"]

1. d4 Nf6 2. c4 g6 3. Nc3 d5 4. Nf3 Bg7 5. Bg5 dxc4 6. e4 c5 7. d5 O-O 8. e5
Ng4 9. d6 f6 10. Bxc4+ e6 11. exf6 Bxf6 12. Bxf6 Qxf6 13. O-O a6 14. Re1 b5 15.
Nd5 exd5 16. Bxd5+ Kg7 17. Bxa8 Rd8 18. Re7+ Kf8 19. Qe2 Qxd6 20. Re1 Bd7 21.
h3 Nf6 22. Ng5 Re8 23. Nxh7+ Nxh7 24. Rxe8+ Bxe8 25. Qxe8+ Kg7 26. Qe7+ Qxe7
27. Rxe7+ Kh6 28. Rb7 1-0